00779nam a22002537a 45000010005000000030006000050050017000110080041000280200018000690400029000870500015001160820008001311000017001392450036001562600036001923000048002284900020002765050008002965200124003045210020004285210020004486000022004687000035004903050FISKH20240201110031.0240201b cb ||||| |||| 00| 0 eng d a9780516245454 aFISKHbengcFISKHdFISKH aPZ7.G82845 a463 aGreen, Carol aRain! Rain! /cby Green, Carol  aNew York :bScholastic , c1982 a31 pages :bcolor illustrations ;c19 cm .  a Rookie Readers aC  aBlack clouds bring lightning and thunder and finally, rain that falls on everything and everyone. Includes a word list.8 a100 bLexile 8 aC bRaz-Plus  2rainvnon-fiction aFrederick, Larryeillustrator